00527nam a22001457a 4500003000400000005001700004008004100021040001400062100002600076245010000102260001000202300002700212500011500239504002700354OSt20171010095449.0120621t xxu||||| |||| 00| 0 eng d aMMSUcULS aGuittap, Juanarez A.  aPotential of coconut husk to control eutrophication in aquatic ecosystemscJuanarez A. Guittap  c2007  axi, 42 leaves c28 cm. aThesis (BS Environmental Science) -- Mariano Marcos State University-College of Arts and Sciences, Batac City  aBibliography: leaf 27